000 00769nam a22002177a 4500
003 UA-OsUOA
001 71163
007 ta
008 20101006b un ||||| |||| 00| 0 ukr d
100 _aКолчина А.С.
090 _a94(477)
_bК61
942 _cSA
040 _aUA-OsUOA
_brus
_cUA-OsUOA
_dUA-OsUOA
245 _aРадио Свобода в 50-70-е годы ХХ века: поиск форм пропоганды в период холодной войны
300 _aС.103-117
955 _a0
041 _arus
080 _a94(477)
773 0 _w71159
_tВестник Московского университета. Серия 10. Журналистика
_dМ.
_d2010
_g3
650 7 _a9 Географія. Біографії. Історія
_2UDC
999 _c357437
_d357437